| 000 | 00475nam a22001697a 4500 | ||
|---|---|---|---|
| 003 | BD-DhUL | ||
| 005 | 20210120103559.0 | ||
| 008 | 210120b xxu||||| |||| 00| 0 eng d | ||
| 040 |
_aBD-DhUL _cBD-DhUL _dBD-DhUL |
||
| 082 |
_a340.05 _bLAW |
||
| 245 | 0 |
_aThe Law reports 1892 : _bof the incorporated council of law reportino / |
|
| 260 |
_aLondon, _b27, fleet street; _c1892. |
||
| 300 |
_a773 p. , _c22 cm. |
||
| 500 | _aIncludes index. | ||
| 650 | _aLaw | ||
| 942 |
_2ddc _cBK |
||
| 999 |
_c253114 _d253114 |
||